000
00304nam a22001337a 4500
008
170227b xxu||||| |||| 00| 0 eng d
020
_a
031402854
041
_a
eng
080
_2
2ND
_a
577
100
_a
5
101
_a
SHMB
245
_a
ORGANIC AND BIOCHEMISTRY FOR TODAY
_c
SEAGER, S.L
942
_2
udc
_c
BK
999
_c
6358
_d
6358